[Event "Nuremberg Zabo op 14th"]
[Site "Nuremberg"]
[Date "2012.09.15"]
[Round "3"]
[White "Umrath, Stephan"]
[Black "Grueninger, Tobias"]
[Result "1-0"]
[WhiteElo "1438"]
[BlackElo "1250"]
[PlyCount "63"]
[EventDate "2012.09.14"]
[EventType "swiss"]
[EventRounds "5"]
[EventCountry "GER"]
[SourceTitle "EXT 2018"]
[Source "ChessBase"]
[SourceDate "2017.10.13"]
[SourceVersion "1"]
[SourceVersionDate "2017.10.13"]
[SourceQuality "1"]

1. e4 e5 2. Nf3 Nc6 3. d4 d5 4. exd5 Qxd5 5. Nc3 Qd7 6. d5 e4 7. Nxe4 Nce7 8. c4 Nf6 9. Nxf6+ gxf6 10. Bf4 Nf5 11. Qd2 Bd6 12. Bxd6 Qxd6 13. 0-0-0 Bd7 14. Re1+ Ne7 15. Qe2 Rg8 16. b3 Kd8 17. Qe3 Nf5 18. Qd3 Re8 19. Rxe8+ Kxe8 20. g3 Ng7 21. Qxh7 Bg4 22. Bg2 Nf5 23. Qg8+ Qf8 24. Qxg4 Nd6 25. Re1+ Kd8 26. Nd4 c6 27. dxc6 bxc6 28. Bxc6 Kc7 29. Qd7+ Kb6 30. Bxa8 Qxa8 31. Qxd6+ Ka5 32. Qc5+ 1-0

[Event "Nuremberg-ch op 06th"]
[Site "Nuremberg"]
[Date "2006.06.04"]
[Round "4.55"]
[White "Kenzel, Stephan"]
[Black "Umrath, Stephan"]
[Result "1-0"]
[WhiteElo "1130"]
[BlackElo "1341"]
[PlyCount "39"]
[EventDate "2006.06.02"]
[EventType "swiss"]
[EventRounds "5"]
[EventCountry "GER"]
[SourceTitle "EXT 2007"]
[Source "ChessBase"]
[SourceDate "2006.11.23"]
[SourceVersion "1"]
[SourceVersionDate "2006.11.23"]
[SourceQuality "1"]

1. e4 d5 2. exd5 Qxd5 3. Nc3 Qa5 4. Nf3 e5 5. Bc4 Be7 6. Qe2 Nd7 7. 0-0 b6 8. Re1 Bb7 9. Nxe5 Nxe5 10. Qxe5 Qxe5 11. Rxe5 f6 12. Re2 0-0-0 13. Bxg8 Rhxg8 14. Rxe7 Rde8 15. Rxe8+ Rxe8 16. Kf1 Kd7 17. d3 Re5 18. Bf4 Rf5 19. Bg3 a6 20. Re1 1-0

[Event "Nuremberg LGA Cup 2nd"]
[Site "Nuremberg"]
[Date "2005.09.08"]
[Round "1.55"]
[White "Umrath, Stephan"]
[Black "Kaeck, Ralf"]
[Result "0-1"]
[WhiteElo "1462"]
[BlackElo "1967"]
[PlyCount "80"]
[EventDate "2005.09.08"]
[EventType "swiss"]
[EventRounds "7"]
[EventCountry "GER"]
[SourceTitle "EXT 2022"]
[Source "ChessBase"]
[SourceDate "2021.10.06"]
[SourceVersion "1"]
[SourceVersionDate "2021.10.06"]
[SourceQuality "1"]

1. e4 e6 2. d4 d5 3. Nd2 Nf6 4. e5 Nfd7 5. Ngf3 c5 6. c3 Nc6 7. Bb5 Qb6 8. Bxc6 bxc6 9. 0-0 cxd4 10. cxd4 c5 11. Nb3 Ba6 12. Re1 cxd4 13. Nbxd4 Bc5 14. b3 Rc8 15. Bb2 0-0 16. Re3 Be7 17. h4 Rfe8 18. Ng5 h6 19. Ngf3 Nc5 20. g4 Ne4 21. g5 Kh7 22. Nh2 Rh8 23. Qh5 g6 24. Qg4 hxg5 25. hxg5 Kg7 26. Nhf3 Rh5 27. Bc1 Nxg5 28. Re1 Nxf3+ 29. Nxf3 Rc2 30. Be3 Bc5 31. Ng5 Bxe3 32. Rxe3 Qc6 33. Ree1 Qc5 34. Re3 Rc1+ 35. Rxc1 Qxc1+ 36. Kg2 d4 37. Re4 Rxg5 38. Kf3 Qd1+ 39. Re2 Bxe2+ 40. Ke4 Qd3+ 0-1